Harry Potter Spell Slideshow Quiz Stats

Quiz not verified by Sporcle

Challenge
Share
Tweet
Score 0/26 Timer 08:00
0 Plays Today
% Correct
Lumos Maxima
96%
Wingardium Leviosa
93.2%
Patronus Charm
90.4%
Petrificus Totalus
79.7%
Avada Kedavra
79.3%
Alohomora
77.2%
Cruciatus Curse
77.1%
Oculus Reparo
69.1%
Imperius Curse
69%
Reducto
63.7%
Obliviate
63.1%
Expelliarmus
60.8%
Riddikulus
59.1%
% Correct
Sectumsempra
54.1%
Morsmordre
48.2%
Levicorpus
47.3%
Legilimens
44%
Fiendfyre
40.7%
Serpensortia
34.8%
Gemino Curse
31.4%
Ascendio
28.4%
Immobulus
26.6%
Sonorus
25.4%
Rictusempra
23%
Arresto Momentum
20.8%
Flagrate
8%

You're not logged in!

Compare scores with friends on all Sporcle quizzes.
Sign Up with Email
OR
Log In

You Might Also Like...

Show Comments

Extras

Top Quizzes Today


Score Distribution

Your Account Isn't Verified!

In order to create a playlist on Sporcle, you need to verify the email address you used during registration. Go to your Sporcle Settings to finish the process.